Movies Quiz

Random Movies Quiz

Gangs of New York movie gangs Quiz Stats

 Plays Quiz not verified by Sporcle

Challenge
Share
Tweet
Embed
Score 0/18 Timer 03:00
0 Plays Today
Hint Answer % Correct
The Dead Rabbits
91.7%
The Natives
56.7%
The Forty Thieves
38.3%
The Plug Uglies
30%
The O'Connell Guard
16.7%
The Shirt Tails
15%
The Chichesters
13.3%
The Daybreak Boys
8.3%
The True Blue Americans
5%
Hint Answer % Correct
The Slaughterhouses
3.3%
The Broadway Twisters
3.3%
The Night Angels
1.7%
The Frog Haulers
1.7%
The Shortails
1.7%
The Nightwalkers
1.7%
The Rat pickers
1.7%
The righteousness
1.7%
Benjer the Cockroach and his red eyed buggers
1.7%

You're not logged in!

Compare scores with friends on all Sporcle quizzes.
Join for Free
OR
Log In

You Might Also Like...

Show Comments

Extras

Created Dec 13, 2014ReportNominate
Tags:gang, New York

Top Quizzes Today


Score Distribution

Your Account Isn't Verified!

In order to create a playlist on Sporcle, you need to verify the email address you used during registration. Go to your Sporcle Settings to finish the process.

Report this User

Report this user for behavior that violates our Community Guidelines.

Details: